Diseño de un sistema de control de costos a partir de registros de producciones diarias en construcciones de infraestructura vial
Furkejuvvon:
| Váldodahkki: | |
|---|---|
| Eará dahkkit: | |
| Materiálatiipa: | Girji |
| Almmustuhtton: |
[San José], Costa Rica
2011
|
| Fáttát: | |
| Fáddágilkorat: |
Lasit fáddágilkoriid
Eai fáddágilkorat, Lasit vuosttaš fáddágilkora!
|
MARC
| LEADER | 00000nam a2200000Ia 4500 | ||
|---|---|---|---|
| 003 | 010244 | ||
| 005 | 20230905154851.0 | ||
| 008 | 140114s2011 cr a 000 ||s d | ||
| 040 | |c cru CEDI | ||
| 090 | |a TFG 6898 | ||
| 100 | |a Segura Cerdas, Leonardo, 1987- |9 1389 | ||
| 245 | |a Diseño de un sistema de control de costos a partir de registros de producciones diarias en construcciones de infraestructura vial | ||
| 260 | |a [San José], Costa Rica |c 2011 | ||
| 300 | |a x, 109, [47] hojas : ilustraciones a color. | ||
| 500 | |a Proyecto de graduación (licenciatura en ingeniería civil)--Universidad de Costa Rica. Facultad de Ingeniería. Escuela de Ingeniería Civil | ||
| 501 | |a Director de Proyecto de Graduación: Ing. Walter Muñoz Caravaca, MAP. | ||
| 650 | |x CONSTRUCCION DE CARRETERAS - CONTROL DE COSTOS |x CONSTRUCCION DE CARRETERAS - PLANIFICACION |x ADMINISTRACION DE PROYECTOS |x ANALISIS DE COSTOS - PROCESAMIENTO DE DATOS |9 2734 | ||
| 700 | |9 1390 |a Muñoz Caravaca, Walter, 1972- |d Director del TFG | ||
| 942 | |c CEDI |2 ddc | ||
| 999 | |c 15906 |d 15906 | ||
